The falklands war / (Registro nro. 59000)

Detalles MARC
000 -LEADER
campo de control de longitud fija 00519nam a2200169 i 4500
001 - NÚMERO DE CONTROL
campo de control 59000
003 - IDENTIFICADOR DE NÚMERO DE CONTROL
campo de control ES-MaACL
007 - CAMPO FIJO DE DESCRIPCIÓN FÍSICA--INFORMACIÓN GENERAL
campo de control de longitud fija t|
008 - DATOS DE LONGITUD FIJA--INFORMACIÓN GENERAL
campo de control de longitud fija 031027s1982 xxk ||||1| eng d
100 1# - ENTRADA PRINCIPAL--NOMBRE DE PERSONA
Nombre de persona Eddy, Paul.
9 (RLIN) 46619
245 14 - MENCIÓN DEL TÍTULO
Título The falklands war /
Mención de responsabilidad, etc. written by Paul Eddy and Magnus Linklater, Peter Gillman.
260 ## - PUBLICACIÓN, DISTRIBUCIÓN, ETC.
Lugar de publicación, distribución, etc. London :
Nombre del editor, distribuidor, etc. Sphere Books,
Fecha de publicación, distribución, etc. [1982]
300 ## - DESCRIPCIÓN FÍSICA
Extensión 274 p., 8 lám. :
Otras características físicas il. ;
Dimensiones 20 cm.
700 1# - ENTRADA AGREGADA--NOMBRE PERSONAL
Nombre de persona Linklater, Magnus.
9 (RLIN) 72448
700 1# - ENTRADA AGREGADA--NOMBRE PERSONAL
Nombre de persona Gillman, Peter.
9 (RLIN) 56984
852 ## - LOCALIZACIÓN
Ubicación ES-MaACL
Número de control de estantería L-7691
Sublocalización o colección R.107064
Existencias
Estatus retirado Estado de pérdida Estado de daño No para préstamo Biblioteca de origen Biblioteca actual Ubicación en estantería Fecha de adquisición Fuente de adquisición Total de préstamos Signatura topográfica completa Código de barras Visto por última vez Precio de reemplazo Tipo de ítem Koha
        Biblioteca del Ateneo de Madrid Biblioteca del Ateneo de Madrid Depósito 2 17/01/2008     L-7691 1061890 23/02/2023 23/02/2023 Libro impreso